• 首页
  • 本馆介绍
  • 公告通知
  • 最新文献
  • 馆藏检索
  • 电子资源
  • 读者导购
  • 参考咨询
  • 我的图书馆
  • 登录
  • 详细信息显示
  • 放入我的书架
  • 预约/预借图书
  • 作者相关作品
  • 分类相关作品
  • 丛书相关作品
  • 出版社相关作品

书目信息

  • 表格格式
  • 工作单格式
  • 卡片格式
题名:
3D巨匠3ds Max 2012完全手册
    
 
作者: 黄冠华 , 郑艳 编著
分册:   基础篇
出版信息: 北京   科学出版社  2012.8
页数: 22, 309页
开本: 26cm
丛书名:
单 册:
中图分类: TP391.41 , TP391.414
科图分类:
主题词: 三维动画软件
电子资源:
ISBN: 978-7-03-034277-5
000 01036nam0 2200253 45
001 1355689233
005 20130515172954.98
010    @a978-7-03-034277-5@dCNY48.00
100    @a20130108d2012 em y0chiy0121 ea
101 0  @achi
102    @aCN@b110000
105    @aak z 000yy
106    @ar
200 1  @a3D巨匠3ds Max 2012完全手册@A3D Ju Jiang 3ds Max 2012 Wan Quan Shou Ce@i基础篇@IJi Chu Pian@f郑艳, 黄冠华编著@FZheng Yan , Huang Guan Hua Bian Zhu
210    @a北京@c科学出版社@d2012.8
215    @a22, 309页@c图@d26cm@e附光盘1片
330    @a本书主要内容包括了解3ds Max的核心概念、认识3ds Max的界面、掌握利用视口观察和操纵场景, 以及对象的基本编辑方法, 掌握这些内容是学习一款软件的前提条件。还重点介绍了对象的变换、复制和陈列等工具的使用方法, 并对3ds Max的文件和场景的管理做了详细的介绍。
606 0  @a三维动画软件
690    @aTP391.41@v5
690    @aTP391.414@v5
701  0 @a黄冠华@AHuang Guan Hua@4编著
701  0 @a郑艳@AZheng Yan@4编著
801    @aCN@bTANGWEI@c20130112
905    @b0831572-76@dTP391.41@e824@f5
    
    3D巨匠3ds Max 2012完全手册.基础篇/郑艳, 黄冠华编著.-北京:科学出版社,2012.8
    22, 309页:图;26cm+附光盘1片
    
    
    ISBN 978-7-03-034277-5:CNY48.00
    本书主要内容包括了解3ds Max的核心概念、认识3ds Max的界面、掌握利用视口观察和操纵场景, 以及对象的基本编辑方法, 掌握这些内容是学习一款软件的前提条件。还重点介绍了对象的变换、复制和陈列等工具的使用方法, 并对3ds Max的文件和场景的管理做了详细的介绍。
●
相关链接 在E读中查询图书 在五车中查询图书 在当当中查询图书 在豆瓣中查询图书


正题名:3D巨匠3ds Max 2012完全手册     索取号:TP391.41/824         预约/预借

序号 登录号 条形码 馆藏地/架位号 状态 备注
1 0831572   208315722   第二样本阅览室/ [索取号:TP391.41/824] 在馆    
2 0831573   208315731   第三借阅区/ [索取号:TP391.41/824] 在馆    
3 0831574   208315740   第三借阅区/ [索取号:TP391.41/824] 在馆    
4 0831575   208315759   第三借阅区/ [索取号:TP391.41/824] 在馆    
5 0831576   208315768   第三借阅区/ [索取号:TP391.41/824] 在馆    
欢迎您!
大连网信软件有限公司© 版权所有